WWE Royal Rumble 2022 Entrants - Statistics

General Stats
  • This quiz has been taken 11 times
  • The average score is 27 of 60
Answer Stats
Draw Brand Women's Rumble % Correct
1 Raw AJ Styles
100%
2 SmackDown Shinsuke Nakamura
80%
8 Raw Bianca Belair
70%
19 Unaffiliated Brie Bella
70%
17 SmackDown Charlotte Flair
70%
21 SmackDown Drew McIntyre
70%
24 Unaffiliated Nikki Bella
70%
29 Raw Randy Orton
70%
16 Raw Rhea Ripley
70%
26 SmackDown Big E
60%
30 Unaffiliated Brock Lesnar
60%
7 Raw Damian Priest
60%
9 Celebrity Johnny Knoxville
60%
24 SmackDown Kofi Kingston
60%
6 Raw Liv Morgan
60%
14 SmackDown Naomi
60%
12 SmackDown Natalya
60%
20 Raw Riddle
60%
30 SmackDown Shayna Baszler
60%
27 Celebrity Bad Bunny
50%
16 Raw Dolph Ziggler
50%
14 Raw Dominik Mysterio
50%
26 Unaffiliated Lita
50%
20 TNA Mickie James
50%
23 Raw Rey Mysterio
50%
8 SmackDown Sami Zayn
50%
1 SmackDown Sasha Banks
50%
17 SmackDown Sheamus
50%
11 Unaffiliated Sonya Deville
50%
15 Raw Carmella
40%
13 Raw Chad Gable
40%
15 SmackDown Happy Corbin
40%
22 Raw Kevin Owens
40%
2 Unaffiliated Melina
40%
11 Raw Omos
40%
25 Raw Otis
40%
7 Raw Queen Zelina
40%
12 SmackDown Ricochet
40%
28 Unaffiliated Ronda Rousey
40%
25 Unaffiliated Sarah Logan
40%
28 Unaffiliated Shane McMahon
40%
29 SmackDown Shotzi
40%
10 Raw Angelo Dawkins
30%
3 Raw Austin Theory
30%
18 Unaffiliated Ivory
30%
4 Unaffiliated Kelly Kelly
30%
10 Unaffiliated Michelle McCool
30%
27 Unaffiliated Mighty Molly
30%
6 Raw Montez Ford
30%
22 Raw Nikki A.S.H.
30%
4 Raw Robert Roode
30%
3 Raw Tamina
30%
21 Unaffiliated Alicia Fox
20%
5 SmackDown Aliyah
20%
13 Unaffiliated Cameron
20%
19 SmackDown Madcap Moss
20%
18 SmackDown Rick Boogs
20%
5 SmackDown Ridge Holland
20%
23 Unaffiliated Summer Rae
20%
9 Raw Dana Brooke
10%
No matching quizzes found
Score Distribution
Percent of People with Each Score
Percentile by Number Answered
Your Score History
You have not taken this quiz